文字別 人口最多市区町村 - Statistics

General Stats
  • This quiz has been taken 337 times
    302 since last reset
  • The average score is 5 of 10
Answer Stats
Hint Answer % Correct
郡山市
100%
大阪市
100%
奈良市
100%
板橋区
100%
熊本市
100%
甲府市
100%
鳥取市
100%
京都市
100%
土浦市
100%
鹿 鹿児島市
100%
富山市
100%
札幌市
100%
和泉市
100%
横須賀市
100%
横浜市
100%
那覇市
100%
豊田市
100%
五所川原市
100%
大津市
100%
前橋市
100%
広島市
100%
川崎市
100%
名古屋市
100%
府中市(東京都)
100%
福岡市
100%
大阪市
100%
岐阜市
92%
池田市
91%
市川市
91%
太田市
90%
浜松市
89%
鶴岡市
88%
横浜市
88%
七尾市
88%
会津若松市
88%
新潟市
87%
武蔵野市
86%
神戸市
86%
加古川市
86%
仙台市
83%
沼津市
83%
八王子市
83%
川口市
80%
清瀬市
80%
川崎市
80%
名古屋市
80%
福岡市
80%
千葉市
80%
安城市
78%
さいたま市
77%
藤沢市
75%
さいたま市
75%
長野市
75%
宇都宮市
75%
岩国市
75%
茂原市
71%
長崎市
71%
京都市
71%
那須塩原市
67%
四日市市
67%
倉敷市
67%
瀬戸市
67%
豊中市
67%
三郷市
67%
神戸市
67%
赤穂市
63%
川越市
63%
八千代市
62%
三鷹市
60%
阿南市
60%
八尾市
60%
奈良市
60%
久留米市
58%
笠間市
57%
伊豆の国市
57%
伊勢崎市
57%
高松市
57%
伊丹市
56%
相模原市
56%
矢板市
50%
目黒区
50%
相模原市
50%
門真市
50%
十和田市
50%
金沢市
50%
岡山市
50%
つくば市
50%
東村山市
50%
茨木市
50%
吉川市
50%
宇都宮市
50%
水戸市
45%
勝山市
44%
御殿場市
44%
坂戸市
44%
国分寺市
43%
青森市
43%
朝霞市
43%
平塚市
43%
名古屋市
43%
多摩市
43%
佐世保市
43%
和歌山市
43%
出雲市
40%
調布市
40%
さいたま市
40%
広島市
40%
春日部市
40%
金沢市
40%
北九州市
40%
白山市
40%
八王子市
40%
牧之原市
38%
苫小牧市
38%
下関市
38%
西 西宮市
38%
江別市
36%
いわき市
33%
船橋市
33%
久留米市
33%
江戸川区
33%
熊本市
33%
世田谷区
33%
練馬区
30%
玉名市
30%
浦安市
29%
久喜市
27%
つくばみらい市
25%
北九州市
25%
香芝市
25%
出雲市
25%
明石市
25%
古河市
25%
飯塚市
25%
丹波市
25%
茅ヶ崎市
23%
たつの市
22%
春日井市
22%
湯沢市
20%
足立区
20%
富士見市
20%
安城市
20%
高知市
20%
横須賀市
20%
ひたちなか市
18%
上尾市
18%
江東区
17%
取手市
14%
習志野市
14%
ふじみ野市
14%
富士市
14%
枚方市
13%
河内長野市
13%
美濃加茂市
11%
彦根市
10%
いわき市
9%
今帰仁村
0%
飯能市
0%
足利市
0%
本庄市
0%
春日井市
0%
入間市
0%
世田谷区
0%
羽曳野市
0%
下関市
0%
海老名市
0%
伊万里市
0%
周南市
0%
生駒市
0%
天草市
0%
小平市
0%
No matching quizzes found
Score Distribution
Percent of People with Each Score
Percentile by Number Answered
Your Score History
You have not taken this quiz since the last reset